00752nam a2200241Ia 450000500170000000800410001702000180005804100120007608200170008810000210010524501240012625000120025026000540026230000220031644000110033865000260034965000270037565000170040265000260041965000230044570000200046870000220048820260429112317.0260429s9999||||xx |||||||||||||| ||und|| a9788119808342 aEnglish a720.954bFER aFergusson, James 0aHistory of Indian and eastern architecture : bIndian architecture and eastern architecture, Vol. 1 / cJames Fergusson a1st ed. aNew Delhi : bB.R. Publishing Corporation,c2024. axxiii, 450 p.; hb vVol. 1 a Ancient architecture a Architectural history a Art history a Eastern architecture aArchitecture-India a Burgess, James a Spiers, R. Phene